| 000 | 00436nam a2200181Ia 4500 | ||
|---|---|---|---|
| 001 | 4331 | ||
| 005 | 20260306145748.0 | ||
| 008 | 260306t2008||||xx |||||||||||||| ||spa|| | ||
| 041 | _aESP | ||
| 082 |
_a320.946 _bM16 |
||
| 100 |
_aMagaña, José Manuel _eAUT |
||
| 245 | 0 | _aCara o cruz una sociedad que se rebela | |
| 260 | _c2008 | ||
| 300 |
_a125 páginas : _c24 cm. |
||
| 650 | _aGEN | ||
| 654 | _aCDE | ||
| 942 |
_cLIB _dJUS _fJUS _2ddc _n |
||
| 999 |
_c4331 _d4331 |
||